[Event "AUT-chT"]
[Site "AUT"]
[Date "1992.??.??"]
[Round "?"]
[White "Schroll, Gerhard"]
[Black "Mokry, Karel"]
[Result "1/2-1/2"]
[WhiteElo "2440"]
[BlackElo "2535"]

1.d4 Nf6 2.Nf3 e6 3.c4 Bb4+ 4.Bd2 c5 5.Bxb4 cxb4 6.Nbd2 O-O 7.e3 d6 8.Bd3 b6
9.O-O Bb7 10.Qb3 a5 11.a3 bxa3 12.bxa3 h6 13.Rab1 Nbd7 14.Rfc1 Qc7 15.Rc3 Rac8
16.Qc2 Rfe8 17.Rc1 Qb8 18.Qb1 Qa8 19.R1c2 Re7 20.h3 e5 21.Ne1 Rce8 22.Rc1 Nh5
23.dxe5 dxe5 24.Ne4 Qb8 25.Rb3 Bxe4 26.Bxe4 Qc7 27.Nd3 Nhf6 28.Bf5 g6 29.Bxd7 Nxd7
30.Rb5 Re6 31.c5 bxc5 32.Nxc5 Rc6 33.Rb7 Qc8 34.Rxd7 Rxc5 35.Rxc5 Qxc5 36.Qb3 Re7
37.Rd5 Qc7 38.a4 Rd7 39.Rxd7 Qxd7 40.Qb8+ Kh7  1/2-1/2

[Event "AUT-chT"]
[Site "AUT"]
[Date "1992.??.??"]
[Round "?"]
[White "Herndl, Harald"]
[Black "Baumgartner, Heinz"]
[Result "1-0"]
[WhiteElo "2275"]
[BlackElo "2360"]

1.Nf3 Nf6 2.d4 e6 3.c4 Bb4+ 4.Bd2 Qe7 5.g3 Nc6 6.Bg2 Bxd2+ 7.Nbxd2 d6 8.O-O O-O
9.e4 e5 10.d5 Nb8 11.Ne1 a5 12.Nd3 Na6 13.Qc2 Bd7 14.Qc3 b6 15.Rad1 Nc5 16.Nxc5 bxc5
17.f4 Rfe8 18.f5 h6 19.Bf3 g5 20.Rf2 Kh7 21.Kh1 Rg8 22.Rg1 g4 23.Bd1 Qf8
24.h3 Qg7 25.Rh2 Qg5 26.hxg4 Nxg4 27.Bxg4 Qxg4 28.Qe3 Qg5 29.Qf2 f6 30.Nf3 Qg7
31.Kg2 Rh8 32.Rgh1 Kg8 33.Qe3 Rb8 34.b3 a4 35.Rxh6 Rxh6 36.Rxh6 Kf7 37.Nd2 axb3
38.axb3 Ra8 39.Rg6 Qh8 40.Rh6 Qg7 41.Rh2 Ke7 42.Kf3 Rg8 43.Kf2 Be8 44.Rh4 Rh8
45.Rxh8 Qxh8 46.Ke2 Bh5+ 47.Kd3 Bd1 48.Kc3 Kd7 49.Kb2 Qh2 50.Qc3 Qf2 51.Ka3 Kd8
52.Ka4 Bh5 53.Kb5 Be8+ 54.Ka6 Kc8 55.Ka7 Bd7 56.g4 Qh4 57.b4 Qxg4 58.bxc5 Qg1
59.Qa5 Kd8 60.Kb8 dxc5 61.d6 Qg8 62.Qxc7+ Ke8 63.Qxc5  1-0

[Event "AUT-chT"]
[Site "AUT"]
[Date "1992.??.??"]
[Round "?"]
[White "Schroll, Gerhard"]
[Black "Robatsch, Karl"]
[Result "1/2-1/2"]
[WhiteElo "2440"]
[BlackElo "2410"]

1.d4 Nf6 2.c4 e6 3.Nf3 Bb4+ 4.Bd2 Bxd2+ 5.Qxd2 b6 6.Nc3 Bb7 7.e3 d6 8.Be2 Nbd7
9.O-O Ne4 10.Nxe4 Bxe4 11.Qc3 O-O 12.Nd2 Bb7 13.Bf3 Bxf3 14.Nxf3 a5 15.e4 Qe7
16.Rad1 e5 17.Rfe1 Rae8 18.b3 Qf6 19.Qe3 Re7 20.dxe5 Nxe5 21.Nd4 Rfe8 22.Nb5 Qh4  1/2-1/2

[Event "Wch Seniors"]
[Site "Bad Woerishofen"]
[Date "1992.??.??"]
[Round "3"]
[White "Usachyi, Mark"]
[Black "Krogius, Nikolai V"]
[Result "1/2-1/2"]
[WhiteElo "2305"]
[BlackElo "2500"]

1.c4 Nf6 2.Nf3 e6 3.d4 Bb4+ 4.Bd2 Qe7 5.a3 Bxd2+ 6.Qxd2 O-O 7.Nc3 d6 8.e3 e5
9.Rd1 e4 10.Ng1 Re8 11.Nge2 c6 12.Nf4 Nbd7 13.Be2 Nf8 14.O-O g5 15.Nh5 Nxh5
16.Bxh5 g4 17.f3 gxf3 18.Qf2  1/2-1/2

[Event "Balatonbereny op"]
[Site "Balatonbereny"]
[Date "1992.??.??"]
[Round "1"]
[White "Burmakin, Vladimir"]
[Black "Kovacs, Gabor M"]
[Result "1-0"]
[WhiteElo "2375"]
[BlackElo "2320"]

1.d4 Nf6 2.c4 e6 3.Nf3 Bb4+ 4.Bd2 a5 5.Qc2 d6 6.e3 Nbd7 7.Bd3 e5 8.O-O Qe7
9.a3 Bxd2 10.Nfxd2 O-O 11.Nc3 Re8 12.h3 c6 13.Rad1 Nf8 14.dxe5 dxe5 15.Na4 Qc7
16.c5 Be6 17.Nb6 Rad8 18.Bc4 Nd5 19.Bxd5 cxd5 20.Nb3 Ng6 21.Nxa5 e4 22.Nb3 Nh4
23.Nd4 Qe5 24.Qe2 h5 25.f4 exf3 26.Nxf3 Nxf3+ 27.Rxf3 d4 28.b4 dxe3 29.Re1 Rd2
30.Qxe3 Qb2 31.Rf2 Rxf2 32.Qxf2 Qxa3 33.Qd4 Qg3 34.Re3 Qg5 35.Qe5 Qg6 36.Rg3 Qb1+
37.Kh2 g6 38.Nd5 Rd8 39.Ne7+ Kh7 40.Nxg6 fxg6 41.Qxe6 Rg8 42.Qc4 Qe1 43.Qf4 Rg7
44.Re3 Qd2 45.Qe4 Qb2 46.Rf3 Rd7 47.Rf8 Qg7 48.Qe8 Re7 49.Rh8+ Qxh8 50.Qxe7+ Kh6
51.Qe3+ Kh7 52.b5 Qf6 53.Qe4 Kh6 54.h4 Qf2 55.c6 bxc6 56.bxc6 Qf7 57.Qe5 Kh7
58.c7 Qc4 59.Qe7+ Kh6 60.Qf8+ Kh7 61.c8=Q  1-0

[Event "BUL-chT (Women)"]
[Site "Bankia"]
[Date "1992.??.??"]
[Round "?"]
[White "Genova, Ruzka"]
[Black "Dojkova, Galina"]
[Result "1-0"]
[WhiteElo "2185"]
[BlackElo "2005"]

1.d4 Nf6 2.c4 e6 3.Nf3 Bb4+ 4.Bd2 c5 5.Bxb4 cxb4 6.g3 b6 7.Bg2 Bb7 8.O-O a5
9.a3 Na6 10.Nbd2 O-O 11.Re1 d5 12.Ne5 Nd7 13.Nxd7 Qxd7 14.cxd5 exd5 15.Nf3 bxa3
16.bxa3 b5 17.Ne5 Qd6 18.Qb3 b4 19.Rec1 Rfc8 20.Nd3 Bc6 21.Nc5 bxa3 22.Nxa6 Rxa6
23.Qxd5 Qf8 24.Qf5 g6 25.Qd3 Rb6 26.Bxc6 Rbxc6 27.Rxc6 Rxc6 28.Qxa3 Qxa3
29.Rxa3 Ra6 30.e4  1-0

[Event "Bankia tt"]
[Site "Bankia"]
[Date "1992.??.??"]
[Round "4"]
[White "Popov, Luben"]
[Black "Berovski, Krum"]
[Result "1/2-1/2"]
[WhiteElo "2400"]
[BlackElo "2250"]

1.d4 Nf6 2.c4 e6 3.Nf3 Bb4+ 4.Bd2 a5 5.g3 d5 6.Qa4+ Bd7 7.Qc2 dxc4 8.Qxc4 Bc6
9.Bxb4 axb4 10.Qxb4 Ra4 11.Qb3 Rxd4 12.Nc3 Rd6 13.Bg2 O-O 14.O-O Ne4 15.a4 Qf6
16.Nxe4 Bxe4 17.Qc4 Bxf3 18.Bxf3 c6 19.b4 Nd7 20.Bg2 Rd4 21.Qb3 Rd2 22.Rad1 Rb2
23.Qe3 Ne5 24.Rd4 Ng6 25.Rfd1 Ne7 26.Rd7 Nf5 27.Qe4 e5 28.R1d2 Rxd2 29.Rxd2 Qe6
30.Qd3 g6 31.e3 Ra8 32.a5 Qe7 33.Qc3 h5 34.Bh3 Qf6 35.Rd7 Nd6 36.Qd3 Rd8
37.Rxd8+ Qxd8 38.a6 e4 39.Qc3  1/2-1/2

[Event "Barcelona"]
[Site "Barcelona"]
[Date "1992.??.??"]
[Round "?"]
[White "Tal, Mihail"]
[Black "Kortschnoj, Viktor"]
[Result "1/2-1/2"]
[WhiteElo "2525"]
[BlackElo "2585"]

1.Nf3 Nf6 2.c4 e6 3.d4 Bb4+ 4.Bd2 c5 5.e3 O-O 6.Be2 Bxd2+ 7.Qxd2 cxd4 8.Nxd4 d5
9.cxd5 Nxd5 10.Nc3 Nxc3 11.Qxc3 Bd7 12.O-O Qb6 13.Rac1 Nc6 14.Rfd1  1/2-1/2

[Event "Basarrate"]
[Site "Basarrate"]
[Date "1992.??.??"]
[Round "?"]
[White "Borges Mateos, Juan"]
[Black "Hedman Senarega, Jose Antonio"]
[Result "1-0"]
[WhiteElo "2430"]
[BlackElo "2315"]

1.d4 Nf6 2.c4 e6 3.Nf3 Bb4+ 4.Bd2 a5 5.g3 d6 6.Bg2 O-O 7.O-O Bxd2 8.Qxd2 Nbd7
9.Nc3 e5 10.Rad1 Qe7 11.b3 Re8 12.e4 c6 13.Rfe1 Nf8 14.h3 Ng6 15.Na4 Nd7
16.Bf1 Qf6 17.Qc3 c5 18.dxc5 dxc5 19.h4 Ndf8 20.Nxc5 b6 21.Na4 Bg4 22.Rd3 Rad8
23.Red1 Ne6 24.Rxd8 Nxd8 25.Rd3 Qc6 26.Nh2 Bc8 27.Qd2 Nb7 28.Qe3 Re6 29.Bh3 Nf4
30.Bxe6 Nxe6 31.Nxb6 Nbc5 32.Nxc8 Qxc8 33.Rd5  1-0

[Event "Bogota Lat Cup"]
[Site "Bogota"]
[Date "1992.??.??"]
[Round "5"]
[White "Gamboa, Nelson"]
[Black "Sunye Neto, Jaime"]
[Result "0-1"]
[WhiteElo "2405"]
[BlackElo "2495"]

1.d4 Nf6 2.c4 e6 3.Nf3 Bb4+ 4.Bd2 Qe7 5.g3 O-O 6.Bg2 Bxd2+ 7.Qxd2 d5 8.O-O Nbd7
9.Ne5 Rd8 10.Nc3 dxc4 11.Nxc4 Nb6 12.Nxb6 axb6 13.Rad1 e5 14.d5 Ne8 15.Qc2 Nd6
16.a4 Bd7 17.Rc1 h5 18.b3 Rac8 19.e4 h4 20.Rfe1 g6 21.Qd2 Kg7 22.f4 hxg3
23.hxg3 Rh8 24.Nd1 f6 25.Nf2 Nf7 26.Rc4 b5 27.axb5 Bxb5 28.Rc2 Qd6 29.Qe3 Rce8
30.f5 Ng5 31.fxg6 Kxg6 32.Qc5 Qxc5 33.Rxc5 c6 34.Ng4 Nh3+ 35.Bxh3 Rxh3 36.Kg2 Reh8
37.d6 Kg5 38.Nf2 Rh2+ 39.Kf3 b6 40.Rcc1 c5 41.Rh1 Rxh1 42.Rxh1 Rxh1 43.Nxh1 Kg6
44.g4 Kf7 45.Ng3 Bd7 46.Nf5 Be6 47.Ke3 Ke8 48.Ng7+ Kd7 49.Nh5 Kxd6 50.Nxf6 Bxb3
51.g5 Bf7 52.Kd3 b5 53.Ng4 Bg6 54.Nf6 Bf7 55.Ng4 Be6 56.Ne3 c4+ 57.Kc3 Kc5
58.g6 b4+ 59.Kd2 Kb5 60.g7 Ka4 61.Kc2 Ka3 62.Nd5 Bf7 63.Kc1 Kb3 64.Kb1 c3
65.Ne3 Bg8 66.Kc1 Ka3 67.Nd5 Bf7 68.Kb1 Be6 69.Kc2 b3+ 70.Kxc3 b2 71.Kc2 Ka2
72.Nc3+ Ka1 73.Nb1 Bg8 74.Nc3 Bh7  0-1

[Event "Spring op"]
[Site "Budapest"]
[Date "1992.??.??"]
[Round "?"]
[White "Niehaus, Stephan"]
[Black "Arkell, Keith C"]
[Result "0-1"]
[WhiteElo "2205"]
[BlackElo "2460"]

1.d4 Nf6 2.Nf3 e6 3.c4 Bb4+ 4.Bd2 Qe7 5.Nc3 Bxc3 6.Bxc3 Ne4 7.Qc2 Nxc3 8.Qxc3 d6
9.e4 Nd7 10.g3 e5 11.Bg2 O-O 12.O-O c5 13.dxe5 dxe5 14.Rad1 f6 15.Bh3 Nb8
16.Bxc8 Rxc8 17.Nh4 Nc6 18.Nf5 Qe6 19.Kg2 Nd4 20.Ne3 b5 21.a3 Rab8 22.cxb5 Rxb5
23.Qc4 Qxc4 24.Nxc4 Rcb8 25.f4 exf4 26.gxf4 a5 27.Rd3 a4 28.Rf2 R5b7 29.Rc3 Re7
30.e5 fxe5 31.Nxe5 Rb5 32.Rc4 Ra7 33.Nd3 Nb3 34.Rfc2 Raa5 35.Re2 Rb7 36.Re5 Rd7
37.Re3 Ra8 38.Rc2 Rad8 39.Ne5 Rd1 40.Nc4 R1d4 41.Kg3 Rf8 42.Rf3 Rd1 43.Rfc3 Nd4
44.Ne3 Rg1+ 45.Kf2 Rg5  0-1

[Event "Budapest Nuovo"]
[Site "Budapest"]
[Date "1992.??.??"]
[Round "9"]
[White "Horvath, Csaba"]
[Black "Cladouras, Panagiotis"]
[Result "1-0"]
[WhiteElo "2485"]
[BlackElo "2365"]

1.d4 Nf6 2.c4 e6 3.Nf3 Bb4+ 4.Bd2 Qe7 5.g3 O-O 6.Bg2 Bxd2+ 7.Qxd2 d6 8.Nc3 Re8
9.O-O e5 10.e4 a5 11.h3 Nc6 12.d5 Nb8 13.Ne1 c6 14.dxc6 bxc6 15.Nc2 c5 16.Rad1 Rd8
17.Nb5 Nc6 18.Ne3 Nd4 19.Nxd4 cxd4 20.Nd5 Nxd5 21.exd5 Rb8 22.b3 Qc7 23.Qd3 a4
24.Rb1 axb3 25.axb3 Qc5 26.g4 Rf8 27.f4 Bd7 28.Kh1 Rb4 29.Be4 h6 30.g5 exf4
31.gxh6 g5 32.Rg1 f6 33.h4 Re8 34.hxg5 f5 35.Bxf5 Re3 36.Bh7+ Kf8 37.g6 Rxd3
38.g7+ Ke7 39.Bxd3  1-0

[Event "Eurodata"]
[Site "Budapest"]
[Date "1992.??.??"]
[Round "12"]
[White "Lukacs, Peter"]
[Black "Horvath, Csaba"]
[Result "1/2-1/2"]
[WhiteElo "2455"]
[BlackElo "2515"]

1.d4 Nf6 2.c4 e6 3.Nf3 Bb4+ 4.Bd2 a5 5.g3 d6 6.Bg2 Nbd7 7.O-O e5 8.Nc3 O-O
9.Qc2 Re8 10.a3 Bxc3 11.Bxc3 exd4 12.Nxd4 a4  1/2-1/2

[Event "Budapest Nuovo"]
[Site "Budapest"]
[Date "1992.??.??"]
[Round "13"]
[White "Atalik, Suat"]
[Black "Cladouras, Panagiotis"]
[Result "1/2-1/2"]
[WhiteElo "2455"]
[BlackElo "2365"]

1.d4 Nf6 2.Nf3 e6 3.c4 Bb4+ 4.Bd2 a5 5.g3 O-O 6.Bg2 d5 7.Qc2 Nc6 8.O-O dxc4
9.Qxc4 Qd5 10.Rc1 Qxc4 11.Rxc4 Rd8 12.Bxb4 axb4 13.Nbd2 e5 14.dxe5 Ng4 15.Nb3 Be6
16.Rcc1 Ngxe5 17.Nxe5 Nxe5 18.f4 Nc6 19.Nc5 Rd2 20.Bxc6 bxc6 21.Nxe6 fxe6
22.Kf2 Rxb2 23.Rxc6 b3 24.a4 Ra2 25.Rb1 Rb8 26.Rxc7 Rxa4 27.Rb2  1/2-1/2

[Event "Budapest Nuovo"]
[Site "Budapest"]
[Date "1992.??.??"]
[Round "13"]
[White "Horvath, Csaba"]
[Black "Stajcic, Nikola"]
[Result "1-0"]
[WhiteElo "2485"]
[BlackElo "2320"]

1.d4 Nf6 2.c4 e6 3.Nf3 Bb4+ 4.Bd2 c5 5.Bxb4 cxb4 6.g3 O-O 7.Bg2 d6 8.O-O Qc7
9.Qb3 a5 10.Nbd2 Nbd7 11.Ne1 e5 12.e3 Rb8 13.a3 bxa3 14.Qxa3 b6 15.b4 axb4
16.Qxb4 Rd8 17.Nb1 Nf8 18.Nc3 exd4 19.exd4 Be6 20.d5 Bd7 21.Nf3 Qc5 22.Rfb1 Rdc8
23.Bf1 Ng6 24.Ra6 Bg4 25.Nd2 Ne8 26.Rxb6 Rxb6 27.Qxb6 Qa3 28.Qb4 Qa7 29.Nb5 Qe7
30.c5 Bf5 31.cxd6 Qe5 32.Nc4 Qe4 33.Re1 Qg4 34.h3 Qg5 35.Ne5 Nxe5 36.Rxe5 Qf6
37.Qf4 Bd7 38.Qxf6 gxf6 39.Re7 Rd8 40.Nd4 Nxd6 41.Nc6 Kf8 42.Re1 Rc8 43.Bg2 Nb5
44.Kf1 Ra8 45.Rc1 Ra2 46.h4 Bf5 47.Bf3 Nd6 48.Nd4 Be4 49.Bxe4 Nxe4 50.Rc2 Ra5
51.Nf5 Nc5 52.Kg2 h5 53.d6 Ke8 54.Ng7+ Kd7 55.Nxh5 Ne4 56.Kf3 Rxh5 57.Kxe4 Kxd6
58.Kf4 Ke7 59.Rc8 Ra5 60.Kg4 Ra4+ 61.Kh3 f5 62.Rc6 Ra2 63.Kg2 Ra3 64.Rb6 Rc3
65.h5 Rc8 66.h6 Kf8 67.Rf6 Ke7 68.Rxf5 Rh8 69.Rh5 Kf6 70.Kf3 Kg6 71.Kg4 Rxh6
72.Rxh6+ Kxh6 73.Kf5 Kg7 74.g4 Kg8 75.Kf6 Kf8 76.g5 Kg8 77.g6  1-0

[Event "Buehl rapid"]
[Site "Buehl"]
[Date "1992.??.??"]
[Round "6"]
[White "Schuh, Hubert"]
[Black "Scherer, Helmut"]
[Result "1/2-1/2"]
[WhiteElo "2350"]
[BlackElo "2315"]

1.d4 Nf6 2.Nf3 e6 3.c4 Bb4+ 4.Bd2 Bxd2+ 5.Qxd2 b6 6.Nc3 Bb7 7.g3 d6 8.Bg2 Nbd7
9.O-O Ne4 10.Nxe4 Bxe4 11.d5 Nf6 12.dxe6 fxe6 13.Bh3 Bf5 14.Bxf5 exf5 15.Nd4 g6
16.b4 Qe7  1/2-1/2

[Event "Buenos Aires Najdorf qual"]
[Site "Buenos Aires"]
[Date "1992.??.??"]
[Round "2"]
[White "Markeluk, Sergio"]
[Black "Valerga, Diego"]
[Result "1/2-1/2"]
[WhiteElo "2375"]
[BlackElo "2325"]

1.d4 Nf6 2.c4 e6 3.Nf3 Bb4+ 4.Bd2 a5 5.g3 d6 6.Bg2 Nbd7 7.O-O e5 8.Nc3 O-O
9.Qc2 c6 10.a3 Bxc3 11.Bxc3 Qe7 12.b4 e4 13.Ng5 e3 14.f4 h6 15.Nf3 Ne4 16.Bb2 Ndf6
17.Nh4 Nd2 18.Rfe1 d5 19.c5 g5 20.Nf5 Bxf5 21.Qxf5 Qe6 22.Qxe6 fxe6 23.fxg5 hxg5
24.Bc3  1/2-1/2

[Event "Buenos Aires Najdorf qual"]
[Site "Buenos Aires"]
[Date "1992.??.??"]
[Round "5"]
[White "Soppe, Guillermo"]
[Black "Adla, Diego"]
[Result "1/2-1/2"]
[WhiteElo "2440"]
[BlackElo "2435"]

1.d4 Nf6 2.c4 e6 3.Nf3 Bb4+ 4.Bd2 a5 5.g3 d6 6.Bg2 Nbd7 7.O-O e5 8.Be3 exd4
9.Bxd4 O-O 10.Nc3 Re8 11.Nd5 Ne4 12.Rc1 c6 13.Nf4  1/2-1/2

[Event "Calcutta"]
[Site "Calcutta"]
[Date "1992.??.??"]
[Round "3"]
[White "Prakash, G B."]
[Black "King, Daniel J"]
[Result "0-1"]
[WhiteElo "2335"]
[BlackElo "2505"]

1.d4 e6 2.Nf3 Nf6 3.c4 Bb4+ 4.Bd2 Qe7 5.g3 O-O 6.Bg2 Bxd2+ 7.Qxd2 d6 8.Nc3 e5
9.O-O Re8 10.e4 Bg4 11.d5 Bxf3 12.Bxf3 a5 13.b3 Na6 14.a3 c6 15.Rab1 h6 16.Bg2 Red8
17.b4 axb4 18.axb4 c5 19.b5 Nb4 20.Ra1 Nd7 21.Rfd1 Nb6 22.Bf1 Qg5 23.Qb2 h5
24.h4 Qf6 25.Rxa8 Rxa8 26.Ra1 Qd8 27.Ra3 Rxa3 28.Qxa3 g5 29.Qa5 gxh4 30.gxh4 Kh7
31.Na4 Qg8+ 32.Bg2 Nd3 33.Kf1 Qg7 34.Qd2 Nf4 35.f3 Nxc4 36.Qf2 Ne3+ 37.Qxe3 Qxg2+
38.Ke1 Qc2  0-1

[Event "Calcutta"]
[Site "Calcutta"]
[Date "1992.??.??"]
[Round "5"]
[White "Eingorn, Vereslav S"]
[Black "Parameswaran, Tiruchi N"]
[Result "1-0"]
[WhiteElo "2580"]
[BlackElo "2365"]

1.d4 Nf6 2.Nf3 e6 3.c4 Bb4+ 4.Bd2 Qe7 5.g3 O-O 6.Bg2 Bxd2+ 7.Qxd2 d5 8.O-O dxc4
9.Na3 c5 10.Nxc4 cxd4 11.Qxd4 Rd8 12.Qh4 Nc6 13.Rfd1 Bd7 14.Nd6 Be8 15.Nxe8 Qxe8
16.Qa4 Rxd1+ 17.Rxd1 Rd8 18.Ne1 Rxd1 19.Qxd1 Qd7 20.Qxd7 Nxd7 21.Nd3 Kf8
22.Bxc6 bxc6 23.Nb4 Nb8 24.e4 e5 25.Kf1 Ke7 26.Ke2 Kd6 27.Kd3 Nd7 28.b3 Nc5+
29.Ke3 Ne6 30.f4 f6 31.Nc2 g5 32.f5 Nc7 33.Kd3 Na6 34.b4 Nc7 35.a4 Ne8 36.Ne3 Kc7
37.Nc4 Nd6 38.Nxd6 Kxd6 39.g4 Kc7 40.Kc4 Kd6 41.b5 Kd7 42.Kc5 cxb5 43.Kxb5 Kc7
44.Kc5 a5 45.Kb5 Kd6 46.Kb6  1-0

[Event "Calcutta"]
[Site "Calcutta"]
[Date "1992.??.??"]
[Round "10"]
[White "Agarwal, Brajesh"]
[Black "Mithrakanth, Poorna Sharma"]
[Result "1/2-1/2"]
[WhiteElo "2260"]
[BlackElo "2335"]

1.d4 Nf6 2.c4 e6 3.Nf3 Bb4+ 4.Bd2 Qe7 5.Nc3 Bxc3 6.bxc3 O-O 7.Qc2 d6 8.Bg5 h6
9.Bh4 e5 10.e3 Nbd7 11.Nd2 Re8 12.Bd3 g5 13.Bg3 Nh5 14.O-O-O Ndf6 15.Ne4 Kg7
16.Nxf6 Qxf6 17.Rhf1 exd4 18.cxd4 Bg4 19.Rde1 c5 20.d5 Nxg3 21.hxg3 b5 22.f4 bxc4
23.Qxc4 Rab8 24.Bc2 Rb4 25.Qd3 Qb2+ 26.Kd2 f5 27.Rb1 Qf6 28.Rxb4 cxb4 29.Rb1 a5
30.Rb3 gxf4 31.gxf4 Qh4  1/2-1/2

[Event "Labor Day op"]
[Site "CAN"]
[Date "1992.??.??"]
[Round "8"]
[White "Nickoloff, Bryon"]
[Black "Barsov, Alexei"]
[Result "1/2-1/2"]
[WhiteElo "2430"]
[BlackElo "2415"]

1.d4 Nf6 2.c4 e6 3.Nf3 Bb4+ 4.Bd2 c5 5.Bxb4 cxb4 6.g3 O-O 7.Bg2 d6 8.Qd3 Nc6
9.d5 exd5 10.cxd5 Nb8 11.Qc4  1/2-1/2

[Event "Candas op"]
[Site "Candas"]
[Date "1992.??.??"]
[Round "9"]
[White "Frois, Antonio"]
[Black "Garcia Carbo, Marcial"]
[Result "1/2-1/2"]
[WhiteElo "2380"]
[BlackElo "2270"]

1.d4 Nf6 2.Nf3 e6 3.c4 Bb4+ 4.Bd2 Bxd2+ 5.Qxd2 O-O 6.Nc3 d5 7.e3 b6 8.cxd5 exd5
9.Be2 Bb7 10.O-O Nbd7 11.Qc2 c5 12.Rad1 Qe7 13.dxc5 bxc5 14.Qa4 Nb6 15.Qa3 Rfe8
16.b3 Bc6 17.Bb5 Bxb5 18.Nxb5 a6 19.Nc3 h6 20.Na4 Nxa4 21.Qxa4 Qb7  1/2-1/2

[Event "Cannes Martinez op"]
[Site "Cannes"]
[Date "1992.??.??"]
[Round "?"]
[White "Horvath, Jozsef"]
[Black "Villeneuve, Alain"]
[Result "1-0"]
[WhiteElo "2505"]
[BlackElo "2355"]

1.d4 Nf6 2.c4 e6 3.Nf3 Bb4+ 4.Bd2 Qe7 5.g3 O-O 6.Bg2 Bxd2+ 7.Qxd2 d6 8.Nc3 e5
9.O-O Re8 10.e4 a5 11.Rac1 Na6 12.dxe5 dxe5 13.Nd5 Nxd5 14.cxd5 Nc5 15.Nxe5 f6
16.Nd3 Nxd3 17.Qxd3 Qd6 18.Qc3 Re7 19.Rfe1 Bg4 20.Re3 Bh5 21.f4 Qb6 22.b3 Bf7
23.Qc5 Qxc5 24.Rxc5 b6 25.Rcc3 Rd8 26.Red3 Be8 27.Kf2 g5 28.Re3 Bf7 29.Bh3 Kg7
30.Bf5 Rd6 31.Rc2 Bg6 32.Be6 c6 33.dxc6 Rc7 34.Bd7 Kf8 35.Ree2 Be8 36.Rcd2  1-0

[Event "Cannes op"]
[Site "Cannes"]
[Date "1992.??.??"]
[Round "?"]
[White "Huzman, Alexander"]
[Black "Letreguilly, Olivier"]
[Result "1-0"]
[WhiteElo "2505"]
[BlackElo "2295"]

1.d4 Nf6 2.Nf3 e6 3.c4 Bb4+ 4.Bd2 Qe7 5.g3 Nc6 6.Nc3 d5 7.cxd5 exd5 8.Bg2 O-O
9.O-O Bf5 10.Bg5 Bxc3 11.bxc3 Be4 12.Nd2 Bxg2 13.Kxg2 Rfe8 14.e3 Na5 15.Qf3 Red8
16.Rfe1 h6 17.Bxf6 Qxf6 18.Qxf6 gxf6 19.e4 c5 20.dxc5 Rac8 21.exd5 Rxd5 22.Ne4 Kg7
23.g4 f5 24.Nd6 Rcxc5 25.Nxf5+ Kf6 26.Ng3 Rc4 27.h3 Kg6 28.Re3 Rd2 29.Rf3 Nc6
30.Re1 Nd8 31.Re8 Ra4 32.Nh5 Rd6 33.Rf6+ Rxf6 34.Rg8+  1-0

[Event "JUG-chT"]
[Site "Cetinje"]
[Date "1992.??.??"]
[Round "?"]
[White "Komnenic, Branko"]
[Black "Raicevic, Ivica"]
[Result "1/2-1/2"]
[WhiteElo "2260"]
[BlackElo "2290"]

1.d4 e6 2.c4 Nf6 3.Nf3 Bb4+ 4.Bd2 a5 5.g3 b6 6.Bg2 O-O 7.O-O Ba6 8.Bg5 Be7
9.Nc3 c6 10.Ne5 d5 11.Qa4 Nfd7 12.Bxe7 Qxe7 13.Nxd7 Nxd7 14.cxd5 cxd5 15.Rfc1 Nf6
16.e3 Rfc8 17.Qd1 b5 18.Bf1 Qb7 19.Ne2 b4 20.Rxc8+ Rxc8 21.Rc1 Bxe2 22.Bxe2 Rc6
23.Bd3  1/2-1/2

[Event "JUG-chT"]
[Site "Cetinje"]
[Date "1992.??.??"]
[Round "?"]
[White "Novoselski, Zoran"]
[Black "Maksimovic, Branimir"]
[Result "1/2-1/2"]
[WhiteElo "2370"]
[BlackElo "2325"]

1.d4 Nf6 2.c4 e6 3.Nf3 Bb4+ 4.Bd2 Qe7 5.g3 Bxd2+ 6.Qxd2 d6 7.Bg2 e5 8.O-O O-O
9.Nc3 Re8 10.e4 Bg4 11.d5 Bxf3 12.Bxf3 Nbd7 13.Rae1 a5 14.Bd1 c6 15.g4 Nf8
16.Re3 Ng6 17.Rg3 Nf4 18.Qe3 Nd7 19.g5 Nc5 20.Ne2 Ncd3 21.Qd2 Nxe2+ 22.Qxe2 Nf4
23.Qg4 Rec8 24.dxc6 Rxc6 25.b3 a4 26.h4 axb3 27.Bxb3 g6 28.Kh2 Kg7 29.Rh1 Rac8
30.Kg1 Rc5 31.Rf3 Qe6 32.Qxe6 fxe6 33.Kh2 h6 34.Rb1 hxg5 35.hxg5 Rh8+ 36.Kg3 Rc7
37.Kg4 Rh2 38.Rd1 Kf8 39.Rxd6 Rg2+ 40.Rg3 Rxf2 41.Rb6 Rf7 42.c5 Ne2 43.Bxe6 R7f4+
44.Kh3 Rxe4 45.Ra3 Nf4+ 46.Kg3 Rg2+ 47.Kf3 Ree2 48.Bc4 Rgf2+ 49.Kg4 Rg2+
50.Rg3 Re4 51.Rxg2 Nxg2+ 52.Kf3 Rxc4 53.Kxg2 Rxc5 54.Rxg6 Rc2+ 55.Kf3 Rxa2
56.Rb6 Ra4 57.Rxb7  1/2-1/2

[Event "JUG-chT"]
[Site "Cetinje"]
[Date "1992.??.??"]
[Round "?"]
[White "Rajkovic, Dusan"]
[Black "Djuric, Stefan"]
[Result "0-1"]
[WhiteElo "2450"]
[BlackElo "2535"]

1.d4 Nf6 2.c4 e6 3.Nf3 Bb4+ 4.Bd2 c5 5.Bxb4 cxb4 6.a3 bxa3 7.b4 Nc6 8.b5 Qa5+
9.Nbd2 Nb4 10.e3 a6 11.b6 d5 12.Be2 Qxb6 13.Rxa3 Nc6 14.O-O O-O 15.Qa1 h6
16.Rc1 Qd8 17.Qb2 Qe7 18.h3 Rd8 19.Rb3 Na5 20.Ra3 Nxc4 21.Bxc4 dxc4 22.Nxc4 Bd7
23.Qxb7 Rdb8 24.Qc7 Rc8 25.Qa5 Bb5 26.Rac3 Nd5 27.R3c2 Qb4 28.Nfd2 Ba4 29.Qxb4 Nxb4
30.Rc3 Na2 31.Ra3 Nxc1 32.Rxa4 Ne2+ 33.Kf1 Nc3 34.Ra5 Rab8 35.g4 Rb4 36.Ne5 Rb2
37.Nec4 Rc2 38.Rxa6 Nd5 39.Nd6 Rb8 40.N6c4 Rb4 41.Rc6 Nc3 42.Ne5 Rbb2 43.Nd3 Ra2
44.h4 Ra1+ 45.Kg2 Rd1 46.Rc8+ Kh7 47.Nb4 Rdxd2 48.Nxc2 Rxc2 49.e4 Rc1 50.d5 exd5
51.exd5 Ne2 52.Rxc1 Nxc1 53.d6 Nd3 54.d7 Nf4+ 55.Kf3 Ne6  0-1

[Event "Ceuta"]
[Site "Ceuta"]
[Date "1992.??.??"]
[Round "9"]
[White "Vladimirov, Evgeny"]
[Black "Rivas Pastor, Manuel"]
[Result "1/2-1/2"]
[WhiteElo "2575"]
[BlackElo "2520"]

1.d4 Nf6 2.c4 e6 3.Nf3 Bb4+ 4.Bd2 Qe7 5.Nc3 Bxc3 6.Bxc3 Ne4 7.Rc1 d6 8.g3 O-O
9.Bg2 Nd7 10.O-O f5 11.b4 a5 12.a3 b6 13.Bb2 Bb7 14.Qc2 axb4 15.axb4 c5 16.bxc5 bxc5
17.Ra1  1/2-1/2

[Event "Chicago Masters"]
[Site "Chicago"]
[Date "1992.??.??"]
[Round "?"]
[White "Colias, Billy"]
[Black "Dzindzichashvili, Roman"]
[Result "0-1"]
[WhiteElo "2265"]
[BlackElo "2560"]

1.d4 Nf6 2.c4 e6 3.Nf3 Bb4+ 4.Bd2 Qe7 5.g3 Nc6 6.Nc3 O-O 7.Bg2 d6 8.O-O Bxc3
9.Bxc3 Ne4 10.Qc2 Nxc3 11.Qxc3 e5 12.d5 Nb8 13.b4 Bg4 14.Rac1 a5 15.a3 Nd7
16.c5 axb4 17.axb4 Nf6 18.Qc4 Bxf3 19.exf3 Qd7 20.f4 exf4 21.Qxf4 Ra4 22.c6 bxc6
23.Rxc6 Rb8 24.Rb1 h6 25.Qc1 Raxb4 26.Rxb4 Rxb4 27.Rxc7 Qf5 28.Rc8+ Kh7 29.Qc2 Qxc2
30.Rxc2 Rb1+ 31.Bf1 Rd1 32.Rc7 Kg6 33.Kg2 Nxd5 34.Ra7 Kf6 35.h4 g5 36.hxg5+ hxg5
37.Bc4 Ne7 38.Ra6 Ng6 39.Ra5 Ne5 40.Bb3 Rd3 41.Bd5 Rd2 42.Be4 Rd4 43.Bd5 g4
44.Bb7 Rb4 45.Bd5 Rb1 46.Be4 Re1 47.Bd5 Rd1 48.Be4 Ke6 49.Bb7 d5 50.Bc8+ Kf6
51.Ra4 d4 52.Ra6+ Kg5 53.Rd6 d3 54.Bb7 f6 55.Be4 Re1 56.f4+ gxf3+ 57.Bxf3 Ra1
58.Bd5 d2 59.Bb3 Ra3 60.Bd1 Rd3 61.Ra6 Ng4 62.Ra1 Ne3+ 63.Kf2 Nxd1+ 64.Rxd1 Kg4
65.Ke2 Rd8  0-1

[Event "Chicago opI"]
[Site "Chicago"]
[Date "1992.??.??"]
[Round "6"]
[White "Nickoloff, Bryon"]
[Black "Colias, Billy"]
[Result "1-0"]
[WhiteElo "2430"]
[BlackElo "2265"]

1.d4 Nf6 2.c4 e6 3.Nf3 Bb4+ 4.Bd2 Qe7 5.g3 Nc6 6.Nc3 d6 7.d5 Bxc3 8.Bxc3 Nb8
9.Bg2 e5 10.c5 O-O 11.cxd6 cxd6 12.Nd2 Bg4 13.O-O Nbd7 14.f3 Nxd5 15.fxg4 Ne3
16.Qe1 d5 17.Nb3 Qe6 18.Qd2 Nxf1 19.Rxf1 d4 20.Bb4 Rfe8 21.e3 Rad8 22.exd4 exd4
23.Nxd4 Qxg4 24.Bc3 Nc5 25.Qf2 f6 26.Nf5 b6 27.Nh6+ gxh6 28.Qxf6  1-0

[Event "CSR-ch (Women)"]
[Site "CSR"]
[Date "1992.??.??"]
[Round "8"]
[White "Sedlakova, Ivana"]
[Black "Cejkova, Miroslava"]
[Result "1-0"]
[WhiteElo "2030"]
[BlackElo "2100"]

1.d4 Nf6 2.c4 e6 3.Nf3 Bb4+ 4.Bd2 Qe7 5.Nc3 O-O 6.Qc2 d6 7.e3 e5 8.Be2 Bg4
9.dxe5 dxe5 10.O-O c6 11.e4 Re8 12.a3 Bxc3 13.Bxc3 Bxf3 14.Bxf3 c5 15.g3 Nc6
16.Bg2 Nd4 17.Bxd4 exd4 18.Rae1 Qc7 19.h3 Re6 20.f4 Rae8 21.e5 R6e7 22.Re2 b5
23.Rd2 Nd7 24.cxb5 Qa5 25.Bc6 Rc8 26.a4 Qb4 27.Bxd7 Rxd7 28.Rfd1 Rcd8 29.b3 Rd5
30.Qc4 Qa5 31.Rd3 Qc7 32.b4 Qb6 33.a5 Qc7 34.Rc1 Qd7 35.bxc5 Qxh3 36.c6 Qe6
37.b6  1-0

[Event "EU-chT (Men)"]
[Site "Debrecen"]
[Date "1992.??.??"]
[Round "2"]
[White "Manninen, Marko"]
[Black "Kiik, Kalle"]
[Result "0-1"]
[WhiteElo "2450"]
[BlackElo "2395"]

1.d4 Nf6 2.c4 e6 3.Nf3 Bb4+ 4.Bd2 Qe7 5.g3 Nc6 6.Bg2 Bxd2+ 7.Nbxd2 O-O 8.O-O d6
9.e4 e5 10.d5 Nb8 11.Ne1 a5 12.Nc2 Na6 13.Ne3 Nc5 14.b3 c6 15.a3 cxd5 16.cxd5 Bd7
17.b4 axb4 18.axb4 Na6 19.f4 Nxb4 20.Rxa8 Rxa8 21.Qb3 exf4 22.gxf4 Ra4 23.Nec4 Bb5
24.Nb2 Bxf1 25.Nxf1 b5 26.Nxa4 Qa7+ 27.Qe3 Qxe3+ 28.Nxe3 bxa4 29.Nc4 Kf8
30.Kf2 Ke7 31.Ke3 Ng4+ 32.Kd4 Nc2+ 33.Kc3 Nce3 34.Nxe3 Nxe3 35.Bf3 a3 36.Kb3 Nc4
37.Ka2 Nd2 38.Bg2 Nc4 39.Bf1 Ne3 40.Bh3 f5  0-1